000 00631cam a2200205 4500500
005 20260405002946.0
041 _afre
042 _adc
100 1 0 _aPortevin, Catherine
_eauthor
245 0 0 _aScandales et démocratie. Que faire de notre indignation ?
260 _c2019.
500 _a90
690 _aDémocratie
690 _aIndignation
690 _aJérôme Lèbre
690 _aJustice
690 _aScandale
786 0 _nPhilosophie magazine | 133 | 10 | 2019-10-01 | p. 63-63 | 1951-1787
856 4 1 _uhttps://shs.cairn.info/magazine-philosophie-magazine-2019-10-page-63?lang=fr&redirect-ssocas=7080
999 _c2062946
_d2062946